| 000 | 00844nmc a2200313 a 4500 | ||
|---|---|---|---|
| 003 | AR-BaBNM | ||
| 005 | 20251128203307.0 | ||
| 008 | 267019s1976 ||||||||||||||000 | spa|| | ||
| 040 | _cAR-BaBNM | ||
| 100 | 1 |
_aAbalos, Jorge W. _d1915-1979 |
|
| 245 | 1 | 0 | _aShunko |
| 250 | _a18ยช ed. | ||
| 260 |
_aBuenos Aires _bLosada _c1976 |
||
| 300 | 0 | _a159 p. | |
| 490 | 0 | _aJuvenilia | |
| 500 | 0 | _aContiene vocabulario en p. 141 | |
| 500 | 0 | _aBreve comentario de la obra en contratapa a cargo de Miguel Angel Asturias | |
| 650 | 4 | _aLITERATURA ARGENTINA | |
| 650 | 4 | _aNOVELAS | |
| 650 | 4 | _aLEYENDAS | |
| 650 | 4 | _aCOSTUMBRES Y TRADICIONES | |
| 650 | 4 | _aLITERATURA FOLKLORICA | |
| 653 | 0 | _aNOVELA DE PERSONAJE | |
| 653 | 0 | _aLITERATURA JUVENIL | |
| 653 | 0 | _aLITERATURA REGIONAL | |
| 655 | _aLITERATURA | ||
| 942 | _cBK | ||
| 998 | _cMARTIN | ||
| 999 |
_c2755 _d2755 |
||